|
|
|
|
| LEADER |
00000nam0a2200000 4500 |
| 001 |
288346 |
| 005 |
20231102000059.0 |
| 035 |
|
|
|a (RuTPU)RU\TPU\book\312809
|
| 090 |
|
|
|a 288346
|
| 100 |
|
|
|a 20150324d1981 m y0rusy5003 ca
|
| 101 |
0 |
|
|a rus
|
| 102 |
|
|
|a RU
|
| 105 |
|
|
|a a j 001zy
|
| 200 |
1 |
|
|a Физическая химия твердого тела
|e текст лекций
|f П. В. Ковтуненко
|
| 210 |
|
|
|a Москва
|c [Б. и.]
|d 1981
|
| 215 |
|
|
|a 46 с.
|c ил.
|d 20 см.
|
| 423 |
|
|
|t Физическая химия твердого тела. Химия кристаллов с дефектами
|o текст лекций
|o учебное пособие
|f П. В. Ковтуненко
|c Москва
|n [Б. и.]
|d 1982
|p 66 с.
|
| 423 |
|
|
|t Химия кристаллов с дефектами
|o учебное пособие
|f П. В. Ковтуненко
|c Москва
|n [Б. и.]
|d 1983
|p 60 с.
|a Ковтуненко, Павел Васильевич
|
| 606 |
1 |
|
|a Твердые тела
|x Химия
|2 stltpush
|3 (RuTPU)RU\TPU\subj\70643
|9 84848
|
| 610 |
1 |
|
|a кристаллы
|
| 610 |
1 |
|
|a тепловой беспорядок
|
| 610 |
1 |
|
|a тепловые дефекты
|
| 610 |
1 |
|
|a стехиометрия
|
| 610 |
1 |
|
|a нестехиометрия
|
| 610 |
1 |
|
|a нестехиометрические кристаллы
|
| 610 |
1 |
|
|a посторонние примеси
|
| 610 |
1 |
|
|a загрязнение
|
| 610 |
1 |
|
|a обогащение
|
| 610 |
1 |
|
|a твердые растворы
|
| 610 |
1 |
|
|a образование
|
| 610 |
1 |
|
|a равновесие
|
| 610 |
1 |
|
|a кристаллические соединения
|
| 610 |
1 |
|
|a лекции
|
| 610 |
1 |
|
|a учебные пособия
|
| 610 |
1 |
|
|a физическая химия
|
| 675 |
|
|
|a 544.22/.23(075.8)
|z rus
|v 4
|
| 700 |
|
1 |
|a Ковтуненко
|b П. В.
|g Павел Васильевич
|4 070
|
| 801 |
|
0 |
|a RU
|b RuMRKP
|c 19950704
|g psbo
|
| 801 |
|
1 |
|a RU
|b 63413507
|c 20150324
|
| 801 |
|
2 |
|a RU
|b 63413507
|c 20230403
|g RCR
|
| 942 |
|
|
|c BK
|